000 00403nam a2200145Ia 4500
008 211109s9999||||xx |||||||||||||| ||und||
082 _a894.8124
_bKER-M
100 _aKerala Varma,
245 0 _aMahacharitha Samgraham
260 _bB v Book Depo
_aThiruvananthapuram
_c1986
300 _a200p.
630 _xGeneral Stack
650 _aMalayalam Literature
_vMalayalam Essays
_xMalayalam
942 _cBOOK
999 _c1287
_d1287